Szakoktatók pályakezdési nehézségei

Bibliographic Details
Main Author: Pimper Martin
Other Authors: Keszei Barbara
Format: Thesis
Kulcsszavak:Pályakezdés
szakoktató
pályakezdés nehézségei
szakoktatói pályakezdés
pályakezdés vizsgálata
Online Access:http://dolgozattar.uni-bge.hu/15861

MARC

LEADER 00000nta a2200000 i 4500
001 dolg15861
005 20181116111311.0
008 180514suuuu hu om 000 hun d
040 |a BGE Dolgozattár Repozitórium  |b hun 
041 |a hu 
100 1 |a Pimper Martin 
245 1 0 |a Szakoktatók pályakezdési nehézségei  |c Pimper Martin  |h [elektronikus dokumentum] 
246 1 1 |a Szakoktatók pályakezdési nehézségei 
695 |a Pályakezdés 
695 |a szakoktató 
695 |a pályakezdés nehézségei 
695 |a szakoktatói pályakezdés 
695 |a pályakezdés vizsgálata 
700 1 |a Keszei Barbara  |e ths 
856 4 0 |u http://dolgozattar.uni-bge.hu/15861/1/Szakdolgozat%20K%C3%A9sz2.pdf  |z Dokumentum-elérés